[Event "Défi"]
[Site "www.echecsemail.com"]
[Date "2026.01.06"]
[Round "1"]
[White "Cloclo"]
[Black "Arno"]
[WhiteElo "1860"]
[BlackElo "1770"]
[Result "1-0"]
1.e4 Nb8c6
2.d4 e5
3.d5 Nc6e7
4.c4 Ne7g6
5.Ng1f3 Bf8c5
6.Nb1c3 d6
7.b4 Bc5b6
8.a4 a6
9.Bc1b2 Ng8e7
10.Bf1e2 O-O
11.Ra1b1 f5
12.a5 Bb6a7
13.g3 f4
14.Bb2a3 Bc8g4
15.Qd1d3 Bg4xf3
16.Be2xf3 c6
17.Rb1b3 Ba7d4
18.c5 dxc5
19.Nc3a4 cxb4
20.Ba3xb4 c5
21.Na4xc5 Bd4xc5
22.Bb4xc5 Rf8f7
23.Bc5b6 Qd8c8
24.Rb3c3 Qc8e8
25.O-O Ne7c8
26.Rf1c1 Nc8xb6
27.axb6 Rf7f6
28.Rc3c7 Rf6xb6
29.d6 Ra8d8
30.d7 Qe8e7
31.Rc7c8 Kf7
32.Rc8xd8 Qe7xd8
33.Rc1c8 Rb6b1
34.Kg2 Ng6h4
35.gxh4 Qd8xh4
36.d8Q { abandon }1-0

[Event "Coupe Niveau 4"]
[Site "www.echecsemail.com"]
[Date "2026.01.06"]
[Round "1"]
[White "Elghribi"]
[Black "Carrighir"]
[WhiteElo "1890"]
[BlackElo "2110"]
[Result "0-1"]
1.e4 c5
2.Ng1f3 d6
3.d4 cxd4
4.Nf3xd4 Ng8f6
5.Nb1c3 g6
6.Bf1e2 Bf8g7
7.O-O Nb8c6
8.Bc1e3 Bc8d7
9.f3 a6
10.Qd1d2 O-O
11.Nc3d1 Ra8c8
12.c4 Nc6e5
13.Ra1c1 e6
14.b3 Qd8e7
15.h3 Rf8d8
16.f4 Ne5c6
17.Nd1f2 Nc6xd4
18.Be3xd4 Bd7c6
19.Be2f3 d5
20.e5 dxc4
21.exf6 Bg7xf6
22.Bd4xf6 Qe7xf6
23.Qd2c3 Qf6xf4
24.Bf3xc6 Rc8xc6
25.Nf2g4 Qf4d4
26.Qc3xd4 Rd8xd4
27.Ng4e5 Rc6c7
28.Ne5xc4 b5
29.Nc4e5 Rc7xc1
30.Rf1xc1 Rd4d2
31.a4 bxa4
32.bxa4 Rd2a2
33.Rc1c4 Kg7
34.Ne5c6 f5
35.Nc6b8 e5
36.Nb8xa6 e4
37.Na6c5 Kf6
38.Nc5b3 Ke5
39.Kf1 Kd5
40.Rc4b4 f4
41.Rb4d4 Ke5
42.Rd4b4 e3
43.Nb3c1 Ra2a1
44.Rb4c4 Kd5
45.Rc4c7 Ra1xa4
46.Rc7xh7 g5
47.Ke2 Ra4a1
48.Rh7c7 Ke4
49.Rc7e7 Kf5
50.Re7c7 Ra1b1
51.Kf3 Rb1b2
52.Rc7c5 Kg6
53.Nc1e2 Rb2a2
54.Rc5c8 Ra2a1
55.Rc8c1 Ra1a2
56.g4 Ra2a8
57.Rc1c6 Kg7
58.Ne2d4 Ra8h8
59.Nd4f5 Kf7
60.Rc6h6 Rh8d8
61.h4 Rd8d2
62.hxg5 Rd2f2
63.Ke4 e2
64.g6 Kf6
65.g7 Kf7
{ abandon }0-1

[Event "Eq:au plaisir du jeux -Fair play :"]
[Site "www.echecsemail.com"]
[Date "2026.01.06"]
[Round "1"]
[White "Lancien57"]
[Black "Pioupiou22"]
[WhiteElo "1500"]
[BlackElo "1740"]
[Result "0-1"]
1.e4 e5
2.Ng1f3 Nb8c6
3.Nb1c3 Bf8b4
4.d4 exd4
5.Nf3xd4 Qd8f6
6.Bc1e3 Ng8e7
7.Qd1d3 O-O
8.Bf1e2 Nc6e5
9.Qd3b5 Bb4xc3
10.bxc3 a6
11.Qb5b1 c5
12.Nd4f3 Ne5xf3
13.Be2xf3 Qf6xc3
14.Be3d2 Qc3c4
15.Qb1b3 Qc4b5
16.Qb3xb5 axb5
17.O-O b4
18.c3 Ne7c6
19.cxb4 cxb4
20.Bd2e3 d6
21.e5 Nc6xe5
22.Bf3e4 Ra8a4
23.Be4c2 Ra4a5
24.Be3f4 Bc8e6
25.Bc2e4 Be6xa2
26.Rf1d1 b3
27.Rd1xd6 b2
28.Ra1d1 f6
29.h3 Ba2b3
30.Rd1b1 Ra5a1
31.Rd6b6 Ra1xb1
32.Be4xb1 Bb3d5
33.Rb6xb2 Ne5c4
34.Rb2b5 Nc4a3
35.Rb5xd5 Na3xb1
36.Rd5b5 Nb1c3
37.Rb5xb7 Nc3e2
38.Kf1 Ne2xf4
39.Rb7b3 h5
40.Rb3f3 Nf4e6
41.Rf3e3 Ne6g5
42.f4 Ng5h7
43.h4 f5
44.g3 Nh7f6
45.Kg2 Nf6g4
46.Re3e6 Rf8f6
47.Re6e8 Kf7
48.Re8h8 g6
49.Rh8h7 Kg8
50.Rh7e7 Kf8
51.Re7d7 Rf6e6
52.Rd7d8 Ke7
53.Rd8b8 Ng4e3
54.Kf3 Ne3f1
55.Rb8b7 Kf6
56.Kf2 Nf1h2
57.Kg2 Re6e2
58.Kg1 Nh2f3
59.Kh1 Re2h2
0-1

[Event "Défi( 10J+24H/c 10J Max )"]
[Site "www.echecsemail.com"]
[Date "2026.01.06"]
[Round "1"]
[White "Mokanne"]
[Black "Tunnellavage"]
[WhiteElo "1440"]
[BlackElo "1790"]
[Result "0-1"]
1.e4 e5
2.Bf1c4 Ng8f6
3.d3 Nb8c6
4.h3 Bf8c5
5.Ng1f3 d6
6.Nf3g5 O-O
7.Ng5xf7 Rf8xf7
8.Bc4xf7 Kxf7
9.g4 h6
10.c3 a5
11.g5 hxg5
12.Bc1xg5 Qd8e7
13.Rh1g1 Bc8xh3
14.Qd1f3 Bh3d7
15.Bg5xf6 Qe7xf6
16.Qf3h5 Kg8
17.Rg1g2 Bd7e8
18.Qh5h1 Be8g6
19.Nb1d2 Kf7
20.Nd2b3 Bc5a7
21.a4 Ra8f8
22.Qh1g1 Bg6h7
23.Ke2 Nc6e7
24.Ra1f1 Ne7g6
25.d4 Ng6f4
26.Ke1 Nf4xg2
27.Qg1xg2 Rf8h8
28.Nb3xa5 Qf6f4
29.Na5xb7 Qf4c1
30.Ke2 Qc1xb2
31.Kd3 Qb2xb7
32.f3 exd4
33.Qg2c2 d5
34.Rf1b1 dxe4
35.fxe4 Bh7xe4
36.Kd2 Qb7xb1
37.Qc2xb1 Be4xb1
38.cxd4 Ba7xd4
39.Kc1 Bb1f5
40.a5 c5
{ abandon }0-1

[Event "Transval 2"]
[Site "www.echecsemail.com"]
[Date "2026.01.06"]
[Round "1"]
[White "Patau"]
[Black "4x4"]
[WhiteElo "1690"]
[BlackElo "1460"]
[Result "1-0"]
1.Ng1f3 d5
2.e4 dxe4
3.Nf3g5 f5
4.Bf1c4 e5
5.Ng5f7 Qd8d4
6.Qd1e2 Ng8f6
7.Nf7xh8 Nb8d7
8.O-O Nd7c5
9.Nb1c3 g6
10.d3 Bf8g7
11.Nh8f7 a6
12.Bc1e3 Qd4d7
13.Be3xc5 b6
14.Nf7xe5 Qd7d8
15.Bc4f7 1-0

[Event "Tournoi échelle division 1"]
[Site "www.echecsemail.com"]
[Date "2026.01.06"]
[Round "1"]
[White "Pgo"]
[Black "Patau"]
[WhiteElo "1710"]
[BlackElo "1710"]
[Result "1/2-1/2"]
1.e4 e5
2.Ng1f3 c6
3.Bf1c4 d5
4.exd5 cxd5
5.Bc4b5 Bc8d7
6.Nb1c3 Bd7xb5
7.Nc3xb5 Nb8c6
8.O-O Bf8d6
9.d3 Ng8f6
10.Bc1g5 h6
11.Bg5h4 O-O
12.Rf1e1 Rf8e8
13.a3 Re8e6
14.Nb5xd6 Qd8xd6
15.c3 e4
16.Bh4xf6 Re6xf6
17.dxe4 dxe4
18.Qd1xd6 Rf6xd6
19.Nf3h4 Ra8e8
20.f4 Rd6d2
21.Ra1b1 e3
22.Nh4f3 Rd2c2
23.Nf3d4 Nc6xd4
24.cxd4 Rc2d2
25.Re1d1 Rd2xd1
26.Rb1xd1 e2
27.Rd1e1 Re8e4
28.d5 Re4xf4
29.Re1xe2 Rf4d4
30.Re2e8 Kh7
31.Re8e7 Rd4xd5
32.Re7xb7 f6
33.Rb7xa7 Rd5d2
34.Ra7b7 Kg6
35.a4 h5
36.b4 h4
37.h3 Rd2a2
38.a5 Ra2a4
39.Kf2 Kh6
40.g4 hxg3
41.Kxg3 g5
42.Rb7b6 Kg6
43.a6 Kf5
44.b5 Ra4a3
45.Kg2 Ra3a2
46.Kf3 Ra2a3
47.Kg2 Ra3a2
48.Kf3 Ra2a3
49.Kg2 Ra3a2
50.Kf3 Ra2a3
51.Kg2 Ra3a2
52.Kf3 Ra2a3
1/2-1/2

[Event "Défi( 10J+24H/c 10J Max )"]
[Site "www.echecsemail.com"]
[Date "2026.01.06"]
[Round "1"]
[White "Anumisme"]
[Black "Titit1"]
[WhiteElo "1150"]
[BlackElo "1480"]
[Result "1-0"]
1.d4 c6
2.Nb1c3 d5
3.f3 Ng8f6
4.Bc1f4 Nb8d7
5.e3 Nd7b6
6.Bf1d3 e6
7.Ng1e2 Bf8b4
8.a3 Bb4e7
9.Qd1d2 O-O
10.Bf4e5 c5
11.g4 Nf6d7
12.f4 c4
13.g5 f6
14.Bd3xh7 Kh8
15.Bh7g6 Nd7xe5
16.dxe5 Bc8d7
17.O-O-O Bd7e8
18.Bg6xe8 Qd8xe8
19.h4 a6
20.Ne2d4 Qe8f7
21.Qd2e2 f5
22.Qe2g2 Nb6d7
23.b4 Be7d8
24.Nc3e2 Qf7e8
25.Ne2c3 b5
26.Nd4c6 Bd8c7
27.g6 Rf8g8
28.Qg2g5 Bc7d8
29.Qg5h5 1-0

[Event "Memorial Lara CIII"]
[Site "www.echecsemail.com"]
[Date "2026.01.06"]
[Round "1"]
[White "Orosco"]
[Black "Emmanuel"]
[WhiteElo "2270"]
[BlackElo "1940"]
[Result "1-0"]
1.e4 d5
2.exd5 Ng8f6
3.d4 Bc8g4
4.Ng1f3 Qd8xd5
5.Bf1e2 Nb8c6
6.Bc1e3 O-O-O
7.Nb1d2 e5
8.c4 Qd5a5
9.d5 Bg4xf3
10.Be2xf3 Nc6d4
11.O-O Nd4xf3
12.Qd1xf3 Bf8e7
13.Qf3f5 Kb8
14.Qf5xe5 Be7d6
15.Qe5g5 Rh8g8
16.Rf1e1 h6
17.Qg5f5 Rd8e8
18.Nd2f3 Qa5a6
19.c5 Bd6f8
20.c6 bxc6
21.dxc6 Qa6xc6
22.Ra1c1 Qc6d7
23.Be3xa7 Kc8
24.Re1xe8 Nf6xe8
25.Qf5e4 c6
26.Rc1xc6 Ne8c7
27.Rc6c1 Kd8
28.Qe4h7 Bf8d6
29.Qh7xg8 Ke7
30.Ba7d4 Nc7e6
31.Bd4xg7 Ne6xg7
32.Qg8xg7 Bd6f4
33.Rc1e1 Kd8
34.Qg7f8 Kc7
35.Re1e7 { abandon }1-0

[Event "Schachspiel2"]
[Site "www.echecsemail.com"]
[Date "2026.01.06"]
[Round "1"]
[White "Anton17"]
[Black "4x4"]
[WhiteElo "1420"]
[BlackElo "1560"]
[Result "1-0"]
1.e4 e5
2.Ng1f3 d6
3.Nb1c3 Nb8c6
4.Bf1c4 Bc8g4
5.h3 Bg4xf3
6.Qd1xf3 Ng8f6
7.d3 Nc6d4
8.Qf3d1 c6
9.O-O Qd8d7
10.Bc1g5 Bf8e7
11.Rf1e1 O-O-O
12.Bc4xf7 Kb8
13.Bf7c4 b5
14.Bc4b3 h6
15.Bg5e3 c5
16.a4 Nd4xb3
17.cxb3 b4
18.Nc3e2 g5
19.Ne2g3 Qd7c6
20.Ng3f5 Rd8d7
21.a5 a6
22.Qd1f3 Be7f8
23.Re1c1 Bf8g7
24.Rc1c4 h5
25.Nf5xg7 d5
26.exd5 Qc6d6
27.Ng7f5 Qd6c7
28.Rc4xc5 Qc7b7
29.Rc5c6 Nf6xd5
30.Nf5e7 Nd5xe7
31.Rc6b6 Ka8
32.Rb6xa6 Kb8
33.Ra6b6 Ka7
34.Rb6xb7 Ka8
35.Rb7b5 Rd7b7
36.Qf3xb7 1-0

[Event "Tournoi n27340"]
[Site "www.echecsemail.com"]
[Date "2026.01.06"]
[Round "1"]
[White "Oranmore"]
[Black "Nico"]
[WhiteElo "1880"]
[BlackElo "2000"]
[Result "0-1"]
1.c4 Ng8f6
2.d4 d5
3.e3 Nb8c6
4.a3 Bc8f5
5.Nb1c3 e6
6.cxd5 exd5
7.Bf1d3 Qd8d7
8.Ng1e2 Bf8d6
9.Qd1c2 Bf5xd3
10.Qc2xd3 O-O
11.h3 h6
12.O-O a6
13.Bc1d2 Nc6a5
14.Rf1b1 Na5c4
15.Bd2c1 c6
16.b3 Nc4b6
17.Rb1b2 Nb6c8
18.Rb2a2 Qd7c7
19.e4 dxe4
20.Nc3xe4 Qc7e7
21.Ne4xd6 Nc8xd6
22.Ne2c3 Qe7d7
23.Qd3g3 Nd6f5
24.Qg3h2 Qd7xd4
25.Bc1b2 Nf6e4
26.Nc3d1 Qd4b6
27.g4 Nf5h4
28.Qh2f4 Ne4d2
29.b4 Ra8e8
30.Bb2xg7 Re8e1
31.Kh2 Nd2f3
32.Qf4xf3 Nh4xf3
33.Kg3 Kxg7
34.Kxf3 Rf8d8
35.Nd1e3 Re1xa1
36.Ra2xa1 c5
37.bxc5 Qb6xc5
38.a4 Rd8d2
39.Ra1b1 Qc5c6
40.Kg3 Qc6f6
41.Ne3f5 Kh7
42.Rb1xb7 Rd2d3
43.Nf5e3 Rd3a3
44.Rb7b4 Qf6d6
45.Rb4f4 Ra3xa4
46.Ne3g2 Ra4xf4
47.Ng2xf4 a5
{ abandon }0-1

[Event "Défi( 10J+24H/c 10J Max )"]
[Site "www.echecsemail.com"]
[Date "2026.01.06"]
[Round "1"]
[White "Chevalice"]
[Black "Tunnellavage"]
[WhiteElo "1680"]
[BlackElo "1780"]
[Result "1-0"]
1.e4 e5
2.Ng1f3 Nb8c6
3.Bf1b5 Bf8c5
4.Bb5xc6 dxc6
5.Nf3xe5 Qd8d4
6.Ne5d3 Qd4xe4
7.Qd1e2 Qe4xe2
8.Kxe2 Bc5b6
9.Rh1e1 Ng8f6
10.Kf1 Bc8e6
11.Nd3f4 Ke7
12.Nf4xe6 fxe6
13.d3 Rh8e8
14.b3 Ra8d8
15.Bc1f4 Kd7
16.Nb1c3 Kc8
17.Ra1d1 Bb6a5
18.Bf4d2 h5
19.a3 a6
20.Nc3a4 Ba5b6
21.Bd2g5 Rd8d7
22.c3 Rd7f7
23.f3 Bb6a7
24.d4 Nf6g4
25.Kg1 Ng4f6
26.c4 e5
27.Bg5e3 exd4
28.Be3f2 Re8xe1
29.Bf2xe1 d3
30.Kf1 Rf7d7
31.Na4b2 Rd7f7
32.Rd1xd3 Nf6g4
33.h3 Ng4e3
34.Ke2 Rf7e7
35.Kd2 Ne3xg2
36.Be1g3 Ng2e1
37.Bg3xe1 { abandon }1-0

[Event "Défi"]
[Site "www.echecsemail.com"]
[Date "2026.01.06"]
[Round "1"]
[White "Arno"]
[Black "Ephixe"]
[WhiteElo "1770"]
[BlackElo "1820"]
[Result "1-0"]
1.d4 d5
2.Bc1f4 Ng8f6
3.Ng1f3 Bc8g4
4.Nb1d2 e6
5.c4 c5
6.Qd1b3 b6
7.Nf3e5 Bg4f5
8.e3 Bf8e7
9.cxd5 Qd8xd5
10.Nd2f3 Qd5xb3
11.axb3 O-O
12.Bf1b5 a6
13.Bb5e2 cxd4
14.Nf3xd4 Bf5e4
15.Ne5c4 Nb8d7
16.O-O Nf6d5
17.Bf4d6 Be7xd6
18.Nc4xd6 b5
19.Be2f3 Be4xf3
20.Nd4xf3 Nd7f6
21.Rf1c1 Rf8d8
22.Nd6b7 Rd8c8
23.Rc1xc8 Ra8xc8
24.h3 Rc8a8
25.Nb7c5 a5
26.Nf3d4 b4
27.Nc5b7 Kf8
28.Ra1xa5 Ra8xa5
29.Nb7xa5 Ke7
30.Na5c6 Kd7
31.Kf1 Nf6e4
32.Ke2 Ne4c5
33.f3 Nc5xb3
34.Nc6e5 Ke7
35.Nd4xb3 f6
36.Ne5c6 Kd6
37.Nc6d4 h5
38.Nb3d2 g5
39.Nd2e4 Ke7
40.g3 e5
41.Nd4c6 Ke6
42.Kd3 Kf5
43.g4 hxg4
44.fxg4 Ke6
45.Ne4g3 Kd6
46.Nc6a5 Ke6
47.Na5b3 Kd6
48.Ng3e4 Ke6
49.Ne4c5 Kd6
50.Nc5a4 Ke6
51.Na4c5 Kd6
52.Ke4 Kc6
53.Nc5d3 Kb5
54.Kxd5 { abandon }1-0

[Event "Coupe Niveau 4"]
[Site "www.echecsemail.com"]
[Date "2026.01.06"]
[Round "1"]
[White "Intrigue"]
[Black "Jmarcboury"]
[WhiteElo "1730"]
[BlackElo "2180"]
[Result "0-1"]
1.d4 Ng8f6
2.c4 e6
3.Nb1c3 c5
4.Ng1f3 cxd4
5.Nf3xd4 d5
6.cxd5 Nf6xd5
7.e4 Nd5xc3
8.bxc3 e5
9.Nd4f3 Qd8c7
10.Qd1c2 Bf8e7
11.Bf1e2 Nb8d7
12.O-O O-O
13.h3 b6
14.Bc1e3 Bc8b7
15.Nf3d2 h6
16.c4 Nd7f6
17.Be2f3 Bb7a6
18.Ra1c1 Be7a3
19.Rc1d1 Ra8c8
20.Bf3e2 Ba6b7
21.f3 Ba3c5
22.Be3xc5 Qc7xc5
23.Kh1 Nf6h5
24.Nd2b3 Nh5g3
25.Kh2 Ng3xf1
26.Be2xf1 Qc5e7
27.Nb3d2 Qe7f6
28.Nd2b3 Qf6f4
29.Kh1 Rf8d8
30.Rd1xd8 Rc8xd8
31.c5 bxc5
32.Qc2xc5 Rd8d1
33.Kg1 Bb7xe4
34.Qc5b5 Be4d3
{ abandon }0-1

[Event "Marmotte chess  3"]
[Site "www.echecsemail.com"]
[Date "2026.01.06"]
[Round "1"]
[White "Abelito"]
[Black "Kaelstrum"]
[WhiteElo "1580"]
[BlackElo "1490"]
[Result "0-1"]
1.e4 e5
2.Bf1c4 Ng8f6
3.Qd1f3 Bf8c5
4.d3 h6
5.Qf3f5 d5
6.Bc4b5 c6
7.Qf5xe5 Bc8e6
8.exd5 Nf6xd5
9.Bb5c4 O-O
10.d4 Rf8e8
11.Qe5g3 Bc5xd4
12.Ng1e2 Nd5b4
13.Bc4b3 Be6xb3
14.Qg3xb3 Qd8e7
15.O-O Qe7xe2
16.Qb3xb4 Bd4b6
17.Rf1e1 Qe2xe1
{ abandon }0-1

[Event "CC Dec25 Asc(2/2)"]
[Site "www.echecsemail.com"]
[Date "2026.01.06"]
[Round "1"]
[White "Nbelnico"]
[Black "Pgo"]
[WhiteElo "1780"]
[BlackElo "1700"]
[Result "1-0"]
1.e4 e5
2.Ng1f3 Nb8c6
3.Bf1c4 Bf8c5
4.O-O Ng8f6
5.d3 d6
6.h3 O-O
7.a4 a6
8.c3 h6
9.b4 Bc5a7
10.Nb1d2 Bc8e6
11.Bc4xe6 fxe6
12.Bc1b2 g5
13.d4 exd4
14.cxd4 Nc6xb4
15.Bb2c3 Nb4d3
16.Qd1e2 Nd3f4
17.Qe2c4 d5
18.exd5 Nf4xd5
19.Bc3b2 c6
20.Rf1e1 Kf7
21.Nf3e5 Kg7
22.Qc4d3 Qd8e8
23.Nd2c4 Nd5f4
24.Qd3c2 Nf6d5
25.Nc4d6 Nd5b4
26.Qc2e4 Qe8e7
27.Nd6c4 Ra8d8
28.Kh2 Nb4d5
29.g3 Nd5f6
30.Qe4c2 Ba7xd4
31.Bb2xd4 Rd8xd4
32.gxf4 Rd4xf4
33.Ne5g6 Qe7c7
34.Kg2 Rf4xc4
35.Qc2xc4 Kxg6
36.Re1xe6 Qc7f4
37.Qc4c2 Kf7
38.Ra1e1 Rf8e8
39.Qc2b3 Kf8
40.Qb3xb7 Re8xe6
41.Re1xe6 Qf4d4
42.Qb7e7 Kg8
43.Re6xf6 Qd4d5
44.Kg3 Qd5b3
45.Kg4 Qb3xa4
46.Kh5 Qa4d1
47.Kxh6 Qd1h1
48.Qe7g7 1-0

[Event "VIC LA GARDIOLE"]
[Site "www.echecsemail.com"]
[Date "2026.01.06"]
[Round "1"]
[White "Orosco"]
[Black "Woluwe1975"]
[WhiteElo "2280"]
[BlackElo "1620"]
[Result "1-0"]
1.e4 e5
2.Ng1f3 Nb8c6
3.Nb1c3 Ng8f6
4.d4 exd4
5.Nf3xd4 Bf8e7
6.Bf1e2 d6
7.Nd4xc6 bxc6
8.O-O O-O
9.Be2f3 Bc8b7
10.Bc1g5 h6
11.Bg5xf6 Be7xf6
12.Ra1b1 Bf6e5
13.Nc3e2 c5
14.c3 f5
15.Ne2g3 f4
16.Ng3e2 g5
17.h3 Kg7
18.Ne2c1 Qd8e7
19.Nc1d3 Be5f6
20.Rf1e1 c4
21.Nd3b4 Qe7f7
22.Nb4d5 Bf6d8
23.Qd1d4 Bd8f6
24.Nd5xf6 Qf7xf6
25.Qd4xc4 Rf8f7
26.Bf3h5 Rf7e7
27.f3 Qf6e5
28.Qc4b3 Qe5c5
29.Kh1 Bb7c6
30.a3 Qc5b6
31.Qb3c2 Ra8f8
32.e5 dxe5
33.Qc2g6 Kh8
34.Qg6xh6 Kg8
35.Qh6xg5 Re7g7
36.Qg5xe5 Kh8
37.Bh5g4 Qb6f2
38.Re1f1 Qf2h4
39.Qe5h5 Qh4xh5
40.Bg4xh5 Rf8d8
41.Bh5g4 Rd8d2
42.Kg1 Rg7e7
43.Rf1d1 Re7e2
44.Rd1xd2 Re2xd2
45.h4 Kg7
46.h5 Kh6
47.Kh2 Kg5
48.Kh3 Bc6d7
49.Bg4xd7 Rd2xd7
50.g3 fxg3
51.Kxg3 Kxh5
52.Rb1h1 Kg5
53.Rh1e1 Kg6
54.Re1e3 c5
55.f4 c4
56.Re3e6 Kf5
57.Re6e5 Kf6
58.Re5c5 Rd7b7
59.Rc5xc4 Rb7xb2
60.Rc4b4 Rb2c2
61.c4 a5
62.Rb4a4 Rc2c3
63.Kg4 Rc3c1
64.Ra4xa5 Rc1xc4
65.Ra5f5 Kg6
66.Rf5g5 Kf6
67.Rg5a5 Rc4d4
68.Ra5a8 Rd4c4
69.a4 Ke6
70.a5 { abandon }1-0

[Event "Défi( 10J+24H/c 10J Max )"]
[Site "www.echecsemail.com"]
[Date "2026.01.06"]
[Round "1"]
[White "Sylvia13"]
[Black "Sam"]
[WhiteElo "1590"]
[BlackElo "1640"]
[Result "0-1"]
1.Ng1f3 d5
2.d4 Ng8f6
3.Nb1c3 Bc8g4
4.h3 Bg4xf3
5.gxf3 Nb8c6
6.Bf1g2 e5
7.Bc1g5 Bf8b4
8.a3 Bb4xc3
9.bxc3 O-O
10.f4 exf4
11.Qd1d2 Nc6a5
12.Qd2xf4 Na5c4
13.a4 c6
14.Qf4g3 Qd8a5
15.Bg5xf6 g6
16.Qg3h4 Qa5xc3
{ abandon }0-1

[Event "Défi"]
[Site "www.echecsemail.com"]
[Date "2026.01.06"]
[Round "1"]
[White "Payne42"]
[Black "Chomi64"]
[WhiteElo "1810"]
[BlackElo "1850"]
[Result "0-1"]
1.e4 d5
2.e5 c5
3.c3 Nb8c6
4.Ng1f3 Bc8g4
5.d4 e6
6.Bf1b5 a6
7.Bb5xc6 bxc6
8.O-O h6
9.Bc1e3 cxd4
10.Be3xd4 Ra8b8
11.b3 Ng8e7
12.h3 Bg4h5
13.g4 Bh5g6
14.Nb1d2 Ne7c8
15.h4 Bf8e7
16.h5 Bg6h7
17.Qd1e2 O-O
18.Kh1 g5
19.Nf3h2 c5
20.Bd4e3 d4
21.cxd4 cxd4
22.Be3xd4 Qd8xd4
23.Ra1d1 Bh7d3
24.Nd2f3 Bd3xe2
25.Rd1xd4 Be2xf1
26.Nh2xf1 Be7c5
27.Rd4d2 Nc8e7
28.Nf1e3 Bc5xe3
29.fxe3 Rb8b5
30.Kg2 Ne7c6
31.Kf2 Nc6xe5
32.Kg3 Ne5xf3
33.Kxf3 Rf8b8
34.Rd2d6 Kf8
35.Rd6xa6 Ke7
36.Ra6a7 Kf6
37.Ke4 Rb8d8
38.Ra7a4 Rb5e5
39.Kf3 Rd8d3
40.Ra4e4 Re5xe4
41.Kxe4 Rd3d2
42.a4 Rd2b2
43.Kd4 Rb2xb3
44.Kc4 Rb3xe3
45.Kb5 e5
46.a5 Re3b3
47.Ka4 Rb3b8
48.a6 e4
49.Ka5 e3
50.a7 Rb8a8
51.Ka6 e2
52.Kb7 Ra8xa7
53.Kxa7 e1R
54.Kb6 Re1e4
55.Kc5 Re4xg4
{ abandon }0-1

[Event "Coupe Niveau 3"]
[Site "www.echecsemail.com"]
[Date "2026.01.06"]
[Round "1"]
[White "Teaspoon"]
[Black "Elghribi"]
[WhiteElo "1980"]
[BlackElo "1920"]
[Result "1-0"]
1.c4 Ng8f6
2.Nb1c3 g6
3.d4 Bf8g7
4.Ng1f3 O-O
5.g3 d6
6.Bf1g2 Nb8c6
7.O-O e5
8.dxe5 Nc6xe5
9.Nf3xe5 dxe5
10.a3 c6
11.b4 Bc8e6
12.c5 Qd8e7
13.Bc1d2 h6
14.Nc3e4 Nf6xe4
15.Bg2xe4 f5
16.Be4g2 e4
17.Ra1c1 Bg7b2
18.Bd2xh6 Rf8f7
19.Rc1b1 Qe7f6
20.Bh6c1 Bb2e5
21.Qd1c2 Ra8d8
22.Bc1b2 Rf7d7
23.Bb2xe5 Qf6xe5
24.Rf1d1 Be6d5
25.a4 Kg7
26.e3 g5
27.Bg2f1 Bd5f7
28.Rd1xd7 Rd8xd7
29.Rb1d1 Bf7d5
30.Bf1c4 Qe5e7
31.Bc4xd5 Rd7xd5
32.Rd1xd5 cxd5
33.b5 Kf7
34.c6 Qe7c7
35.Qc2c5 bxc6
36.bxc6 Ke6
37.h4 Qc7b6
38.Qc5f8 gxh4
39.Qf8h6 Ke7
40.gxh4 Kd8
41.Qh6f6 Kc7
42.Qf6e7 { abandon }1-0

[Event "Défi"]
[Site "www.echecsemail.com"]
[Date "2026.01.06"]
[Round "1"]
[White "Gaspard83"]
[Black "Castor"]
[WhiteElo "1640"]
[BlackElo "1340"]
[Result "0-1"]
1.d4 Ng8f6
2.Nb1c3 d5
3.Bc1f4 c6
4.e3 Nb8d7
5.Ng1f3 Nf6h5
6.Nf3g5 g6
7.Bf4g3 Bf8g7
8.Qd1f3 O-O
9.O-O-O Bg7h6
10.h4 Nd7f6
11.Bg3e5 Bc8g4
12.Bf1e2 Bg4xf3
13.Be2xf3 Nh5g7
{ abandon }0-1

[Event "Coupe Niveau 2"]
[Site "www.echecsemail.com"]
[Date "2026.01.06"]
[Round "1"]
[White "Patau"]
[Black "Woluwe1975"]
[WhiteElo "1700"]
[BlackElo "1600"]
[Result "0-1"]
1.e4 c5
2.Ng1f3 e6
3.d4 cxd4
4.Nf3xd4 d5
5.exd5 exd5
6.Bf1b5 Bc8d7
7.O-O Ng8f6
8.Rf1e1 Bf8e7
9.Qd1e2 O-O
10.Qe2xe7 Bd7xb5
11.Nd4xb5 Qd8a5
12.Nb5c7 Nb8c6
13.Nc7xa8 Nc6xe7
14.Bc1d2 Qa5d8
15.Nb1c3 Qd8xa8
16.Re1xe7 b6
17.Ra1e1 Rf8e8
18.Re7xe8 Nf6xe8
19.Nc3xd5 Kf8
20.Bd2b4 Kg8
21.Nd5e7 Kh8
22.Re1e3 Ne8f6
23.Re3h3 Qa8e4
24.Rh3e3 Qe4xb4
25.Ne7f5 Qb4xb2
26.h3 g6
27.Nf5h6 Kg7
28.Nh6g4 Nf6xg4
29.hxg4 Qb2xa2
{ abandon }0-1

[Event "Tournoi n27356"]
[Site "www.echecsemail.com"]
[Date "2026.01.06"]
[Round "1"]
[White "Killbill"]
[Black "Alain64"]
[WhiteElo "2019"]
[BlackElo "2120"]
[Result "1-0"]
1.c4 e5
2.g3 Nb8c6
3.Bf1g2 Ng8e7
4.Nb1c3 g6
5.d3 Bf8g7
6.Ng1f3 O-O
7.h4 d5
8.cxd5 Ne7xd5
9.Nc3xd5 Qd8xd5
10.h5 Bc8g4
11.hxg6 fxg6
12.Nf3g5 Qd5xg2
13.Qd1b3 { abandon }1-0

[Event "Coupe Niveau 3"]
[Site "www.echecsemail.com"]
[Date "2026.01.06"]
[Round "1"]
[White "Senegaulois"]
[Black "Verson"]
[WhiteElo "1910"]
[BlackElo "1780"]
[Result "0-1"]
1.e4 e6
2.d4 d5
3.Nb1d2 dxe4
4.Nd2xe4 Nb8d7
5.Ng1f3 Ng8f6
6.Bc1g5 Bf8e7
7.Ne4xf6 Nd7xf6
8.Bf1b5 c6
9.Bb5e2 O-O
10.O-O h6
11.Bg5h4 Nf6d5
12.Bh4g3 b6
13.c4 Nd5f6
14.h3 Bc8b7
15.Ra1c1 c5
16.Bg3e5 Be7d6
17.Rf1e1 Qd8c7
18.Be2f1 Bd6xe5
19.dxe5 Nf6d7
20.Qd1e2 Bb7xf3
21.gxf3 Ra8d8
22.Bf1g2 Nd7b8
23.f4 Rd8d4
24.Bg2e4 Rf8d8
25.Rc1c2 Qc7d7
26.b3 Rd4d2
27.Qe2f3 Rd2xc2
28.Be4xc2 Nb8c6
29.Qf3g4 Qd7d2
{ abandon }0-1

[Event "Tournoi n27332"]
[Site "www.echecsemail.com"]
[Date "2026.01.06"]
[Round "1"]
[White "Mandrak"]
[Black "Verson"]
[WhiteElo "1600"]
[BlackElo "1910"]
[Result "0-1"]
1.e4 e6
2.d4 d5
3.e5 c5
4.Bf1b5 Nb8c6
5.Ng1f3 Bc8d7
6.a4 a6
7.Bb5e2 Qd8b6
8.c3 cxd4
9.Nf3xd4 Ng8e7
10.f4 Nc6xd4
11.Qd1xd4 Qb6xd4
12.cxd4 Ne7f5
13.O-O Nf5xd4
14.Be2d3 Bf8c5
15.Kh1 O-O
16.Nb1d2 Ra8c8
17.b3 Bc5b4
18.Ra1b1 Rc8c3
19.Bd3xh7 Kxh7
20.g3 Rf8c8
21.Rf1f2 Rc3xc1
22.Rb1xc1 Rc8xc1
23.Kg2 Bb4xd2
24.Rf2xd2 Rc1c2
25.Rd2xc2 Nd4xc2
26.Kf2 Nc2d4
27.Ke3 Nd4xb3
{ abandon }0-1

[Event "Tournoi n27366"]
[Site "www.echecsemail.com"]
[Date "2026.01.06"]
[Round "1"]
[White "Fouvolant"]
[Black "Jlr"]
[WhiteElo "1380"]
[BlackElo "1350"]
[Result "1-0"]
1.e4 e5
2.Ng1f3 d6
3.d4 Bc8g4
4.dxe5 dxe5
5.Qd1xd8 Kxd8
6.Nf3xe5 Bg4e6
7.Bf1d3 f6
8.Ne5f3 c6
9.O-O Bf8d6
10.Bc1e3 h6
11.Nb1c3 Ng8e7
12.Ra1d1 Bd6b4
13.Bd3c4 Be6d7
14.Nc3e2 b5
15.Bc4b3 Kc7
16.Nf3d4 Nb8a6
17.Nd4e6 Kc8
18.c3 Kb7
19.Rd1xd7 Kc8
20.Rf1d1 Bb4a5
21.Rd7xe7 b4
22.Ne6xg7 bxc3
23.Be3f4 Ba5b4
24.Bb3e6 1-0

[Event "Défi( 10J+36H/c 30J Max )"]
[Site "www.echecsemail.com"]
[Date "2026.01.06"]
[Round "1"]
[White "Lilou"]
[Black "Anumisme"]
[WhiteElo "1350"]
[BlackElo "1130"]
[Result "1-0"]
1.e4 e5
2.Ng1f3 Nb8c6
3.c3 d6
4.Bf1c4 h6
5.Qd1b3 Bc8g4
6.h3 Bg4h5
7.g4 Bh5g6
8.d3 f6
9.Nf3h4 Ng8e7
10.Qb3xb7 Bg6h7
11.b4 g5
12.Nh4f5 Ra8b8
13.Qb7a6 Qd8d7
14.b5 Ne7xf5
15.gxf5 Nc6d8
16.Qa6xa7 Rb8b7
17.Qa7a8 Bf8e7
18.h4 Kf8
19.a4 Kg7
20.Nb1a3 c6
21.Bc1e3 c5
22.Bc4d5 g4
23.Rh1g1 Rb7a7
24.Rg1xg4 Kf8
25.Be3xh6 Ke8
26.Na3c4 Ra7xa8
27.Nc4b6 Qd7a7
28.Nb6xa8 Nd8f7
29.Bd5c6 Kd8
30.Rg4g7 Nf7xh6
31.b6 Qa7a5
32.b7 Qa5xc3
33.Kf1 Qc3xa1
34.Kg2 Qa1d1
35.b8Q 1-0

[Event "Défi"]
[Site "www.echecsemail.com"]
[Date "2026.01.06"]
[Round "1"]
[White "Payne42"]
[Black "Cocola34"]
[WhiteElo "1770"]
[BlackElo "1640"]
[Result "0-1"]
1.f4 h5
2.Ng1f3 g6
3.e3 a6
4.b3 Bf8g7
5.Nb1c3 c6
6.Bc1b2 b5
7.Ra1b1 d5
8.Bf1e2 e6
9.O-O f5
10.d4 Ng8f6
11.Nf3e5 Qd8e7
12.Ne5xg6 Qe7f7
13.Ng6xh8 Bg7xh8
14.Rf1f3 Nb8d7
15.Rf3h3 Kd8
16.Be2xh5 Qf7e7
17.a4 Bh8g7
18.a5 Bc8b7
19.Rb1a1 Kc7
20.Nc3a2 Ra8h8
21.Bh5f3 Rh8g8
22.Kf2 Nf6e4
23.Ke1 Bg7f6
24.Na2c3 Qe7b4
25.Bf3xe4 fxe4
26.Qd1d2 Qb4f8
27.Qd2f2 Bf6e7
28.Ke2 Rg8g6
29.Ra1f1 Nd7f6
30.f5 exf5
31.Rh3g3 Rg6h6
32.Rg3h3 Bb7c8
33.Qf2f4 Be7d6
34.Qf4xh6 Qf8f7
35.Qh6h8 Bc8d7
36.Qh8a8 Bd7c8
37.Rh3h8 Bd6f8
38.Qa8a7 Bc8b7
39.Rf1xf5 Qf7e7
40.g4 Qe7g7
41.Qa7b6 Kc8
42.Rh8h4 Nf6d7
43.Qb6a7 Bf8d6
44.Nc3xd5 cxd5
45.Rf5h5 Bd6b8
46.Rh5h8 Kc7
47.Rh8xb8 Nd7xb8
48.Qa7c5 Nb8c6
49.Qc5xd5 Nc6e7
50.Qd5h5 Bb7c6
51.Qh5h7 Qg7f8
52.Rh4h3 Kb7
53.Qh7h5 Ne7d5
54.c4 Nd5f6
55.Qh5c5 Qf8d8
56.d5 Bc6d7
57.Bb2xf6 Qd8xf6
58.Qc5d4 Qf6g6
59.Qd4b6 Qg6xb6
60.axb6 Bd7xg4
61.Kf2 Bg4xh3
62.Kg3 Bh3f5
63.h4 Kxb6
64.h5 a5
65.Kf4 Bf5h7
66.h6 bxc4
67.bxc4 a4
68.Kg5 a3
69.Kf6 a2
70.d6 a1Q
71.Ke7 Bh7f5
72.d7 Bf5xd7
73.Kxd7 Qa1h8
74.Kd6 Qh8xh6
75.Ke5 Qh6xe3
76.c5 Kxc5
77.Ke6 Qe3f4
78.Ke7 Qf4e5
79.Kf7 e3
{ abandon }0-1

[Event "Coupe Niveau 2"]
[Site "www.echecsemail.com"]
[Date "2026.01.06"]
[Round "1"]
[White "Domenico"]
[Black "Intrigue"]
[WhiteElo "1730"]
[BlackElo "1750"]
[Result "0-1"]
1.e4 c6
2.Bf1c4 d5
3.exd5 cxd5
4.Bc4e2 Nb8c6
5.d4 e5
6.dxe5 Nc6xe5
7.Ng1f3 Ne5xf3
8.Be2xf3 Bc8e6
9.O-O Ng8f6
10.Rf1e1 Bf8d6
11.Nb1c3 O-O
12.Bc1g5 h6
13.Bg5h4 Bd6b4
14.Qd1d4 Bb4a5
15.Bh4xf6 Qd8xf6
16.Qd4xf6 gxf6
17.Re1d1 Ba5xc3
18.bxc3 Ra8c8
19.Rd1d3 Rf8d8
20.Bf3h5 Rc8c4
21.h3 Rd8c8
22.Rd3g3 Kh7
23.Rg3f3 Rc4xc3
24.Rf3xf6 Rc8c7
25.Bh5e2 Kg7
26.Rf6f4 Rc3xc2
27.Be2d3 Rc2d2
28.Rf4f3 d4
29.Ra1e1 Be6xa2
30.Re1e8 Ba2e6
31.Rf3g3 Kf6
32.Re8h8 Rc7c3
33.Rh8xh6 Ke7
34.Bd3e4 Rc3xg3
35.fxg3 b5
36.Rh6h5 b4
37.Rh5b5 b3
38.Rb5b7 Kf6
39.Rb7xa7 d3
40.Ra7b7 b2
41.Kh2 Ke5
42.Be4f3 Be6d5
43.Rb7b5 b1Q
44.Rb5xb1 Bd5xf3
45.Rb1b5 Bf3d5
46.Rb5b1 Rd2xg2
47.Kh1 Rg2b2
{ abandon }0-1